99 Red Balloons - Nena - Statistics

General Stats
  • This quiz has been taken 17 times
  • The average score is 152 of 234
Answer Stats
Answer % Correct
red
100%
99
93%
a
93%
balloon
93%
and
86%
And
86%
by
86%
go
86%
I
86%
sky
86%
You
86%
you
86%
balloons
79%
in
79%
In
79%
on
79%
summer
79%
the
79%
The
79%
war
79%
Buy
71%
Floating
71%
from
71%
got
71%
it
71%
of
71%
to
71%
To
71%
As
64%
bag
64%
here
64%
let
64%
life
64%
money
64%
one
64%
one,
64%
shop
64%
we’ve
64%
with
64%
With
64%
boys,
57%
Captain
57%
else!
57%
every
57%
eye
57%
for
57%
free
57%
Kirk
57%
little
57%
machine
57%
out
57%
something
57%
somewhere
57%
them
57%
there”
57%
think
57%
This
57%
this
57%
toy
57%
up
57%
were
57%
what
57%
air
50%
alert
50%
at
50%
Back
50%
base
50%
break
50%
Call
50%
city
50%
classify
50%
dawn
50%
eager
50%
Everyone’s
50%
Focusing
50%
gone
50%
have
50%
hurry
50%
identify
50%
is
50%
it’s
50%
It’s
50%
message
50%
Opens
50%
orders
50%
over
50%
President
50%
Set
50%
“something’s
50%
springs
50%
super
50%
that
50%
There’s
50%
they
50%
Til
50%
world
50%
all
43%
clarify
43%
could
43%
Flash
43%
If
43%
I’m
43%
Just
43%
line
43%
meet
43%
superhero
43%
troops
43%
waited
43%
was
43%
bugs
36%
find
36%
had
36%
high
36%
pretty
36%
prove
36%
scurry
36%
software
36%
souvenir
36%
worry
36%
Decision
29%
dreams
29%
dust
29%
fighters
29%
jet
29%
knights
29%
ministers
29%
Panic
29%
Scramble
29%
standing
29%
tech
29%
When
29%
ride
21%
Street
21%
bells
14%
No matching quizzes found
Score Distribution
Percent of People with Each Score
Percentile by Number Answered
Your Score History
You have not taken this quiz